Economic perceptions in Islam.
| Format: | Book |
|---|---|
| Published: |
New Delhi:
Pentagon Press,
2010.
|
| Subjects: |
| LEADER | 00386cam a2200133 7i4500 | ||
|---|---|---|---|
| 001 | 0000027439 | ||
| 005 | 20120305090000.0 | ||
| 020 | 0 | 0 | |a 9788182743717 |
| 090 | 0 | 0 | |a B 297.273 |b ECO |
| 245 | 0 | 0 | |a Economic perceptions in Islam. |
| 260 | 0 | 0 | |a New Delhi: |b Pentagon Press, |c 2010. |
| 300 | # | # | |a 363 p. |
| 650 | 0 | 0 | |a Islam -- |x Economic aspects |
| 999 | |a B000030062 |b Book |c International |e Business Information Centre | ||


